000 02738 a2200385 4500
999 _c10760
_d10760
020 _a9780323263399 (set)
020 _a0323263399 (set)
020 _a9789996120084 (vol. 1)
020 _a9996120082 (vol. 1)
020 _a9789996120022 (vol. 2)
020 _a9996120023 (vol. 2)
020 _a9780323442084 (international edition)
050 0 0 _aRD57
_b.ROS 2018
100 _aRosai, Juan,
_d 1940-
_eauthor
245 0 0 _aRosai and Ackerman's surgical pathology /
_cJohn R. Goldblum, Laura W. Lamps, Jesse K. McKenney, Jeffrey L. Myers.
250 _aEleventh edition.
264 _aEdinburgh :
_bMosby Elsevier,
_c2018
300 _a2 volumes (xiv, 2142 pages) :
_billustrations (chiefly color) ;
336 _atext
_btxt
_2rdacontent
337 _aunmediated
_bn
_2rdamedia
338 _avolume
_bnc
_2rdacarrier
500 _a
504 _aIncludes bibliographical references and indexes.
505 0 _aIntroduction : the legacies of Dr. Lauren V. Ackerman and Dr. Juan Rosai -- Dermatoses -- Tumors and tumorlike conditions of the skin -- Upper aerodigestive tract -- Mandible and maxilla -- Major and minor salivary glands -- Ear -- Thyroid gland -- Parathyroid glands -- Lung -- Pleura -- Mediastinum -- Esophagus -- Stomach -- Small bowel -- Appendix -- Large bowel -- Anus -- Liver : non-neoplastic diseases -- Liver : tumors and tumorlike conditions -- Gallbladder and extrahepatic bile ducts -- Pancreas and ampullary region -- Kidney : non-neoplastic diseases -- Kidney : tumors and tumorlike conditions -- Bladder -- Prostate and seminal vesicles -- Testis and testicular adnexa -- Penis and scrotum -- Adrenal gland and other paraganglia -- Vulva -- Vagina -- Uterus : cervix -- Uterus : corpus -- Fallopian tube -- Ovary -- Breast -- Lymph nodes -- Spleen -- Bone marrow -- Bone and joints -- Soft tissues -- Cardiovascular system -- Central nervous system -- Pituitary gland -- Eye and ocular adnexa.
520 _aPresents comprehensive guidance on various aspects of Surgical Pathology. This work delivers content on molecular pathology, and immunohistoadjunct techniques which have truly transformed the practice of surgical pathology.
650 0 _aPathology, Surgical.
700 1 _aGoldblum, John R.,
_eeditor.
700 1 _aLamps, Laura W.
_q(Laura Webb),
_eeditor.
700 1 _aMcKenney, Jesse K.,
_eeditor.
700 1 _aMyers, Jeffrey L.,
_eeditor.
700 1 _aAckerman, Lauren Vedder,
_d1905-
700 1 _iPreceded by (work):
_aRosai, Juan,
_d1940-
_tRosai and Ackerman's surgical pathology.
942 _2lcc
_cBK
_h57
_iROS
_kRD